000 00803nam a22002417a 4500
999 _c792
_d792
003 AR-CdUCM
008 190225b ||||| |||| 00| 0 spa d
040 _aMUNICIPALIDAD PROVINCIAL DEL CUSCO
_cBIBLIOTECA MUNICIPAL DEL CUSCO
082 _a808.8 /
_bW56
100 _aWilde, Oscar
_91401
245 _aObras escogidas de Oscar Wilde /
260 _aMadrid :
_bBilioteca nueva,
300 _a10 tomos ;
_c18 cm.
505 _aContenido: t.10: Una mujer sin importancia -- El abanico de lady Windermere -- La importancia de ser formal.
650 _aColecciones
_9607
650 _aLiteratura inglesa
_91015
650 _aLiteratura siglo XIX
_93017
650 _aTeatro inglés
_91016
650 _aNovela inglesa
_9365
650 _aCuentos ingleses
_93018
942 _2ddc
_cLIBROS
945 _azta